El Movimiento obrero dominicano

Na minha lista:
Detalhes bibliográficos
Autor principal: Santos, Francisco Antonio
Formato: Texto
Publicado em: s.l.: s.e.
Tags: Adicionar Tag
Sem tags, seja o primeiro a adicionar uma tag!

MARC

LEADER 00000 a a2200000 04500
001 25247
003
040 |a CRAI/IIS  |c CRAI/IIS 
090 |a 180600  
100 |a Santos, Francisco Antonio  
245 |a El Movimiento obrero dominicano  
260 |a s.l.:   |b s.e.  
300 |a 11 p.  
999 |c 13130  |d 13130